000 00597nam a2200193Ia 4500
003 GCL
005 20240530101859.0
008 140319s9999 xx 000 0 ara d
040 _aGCL /
_cGCL
082 0 4 _a345
_bع ق
100 1 _aعوض محمد
245 1 0 _aقانون العقوبات :القسم العام /
_cعوض محمد
260 _a[S.N] :
_bمؤسسة الثقافةالجامعية للطبع والنشر ،
_c1983
300 _a542 ص
650 0 4 _aالقانون الجنائى
650 0 4 _aالقانون
650 0 4 _aقانون العقوبات
942 _2ddc
_cBK
999 _c28419
_d28419